000 00892nam a22002417a 4500
001 80799
003 BD-RjUL
005 20221117173733.0
008 221117s1989 bg a|||| m||| 00| 0 eng d
035 _a(BD-RjUL)80799
040 _aBD-RjUL
_beng
_cBD-RjUL
_dBD-RjUL
041 _aeng
082 _223
_a671.58
_bISS 1989
100 _aIslam, Md. Khademul
_93986
245 1 0 _aA Study of bonding and other related properties of some rutile type oxide crystals. /
_cBy Md. Khademul Islam ;
_6Supervisor : A.K.M. Azharul Islam
260 _aRajshahi :
_bDepartment of Physics, University of Rajshahi,
_c1989
300 _a[9], 155 leaves :
_bill, ;
_c29.cm.
502 _aThesis (M. Phil.) -- Department of Physics, University of Rajshahi, 1989
504 _aReferences : Leaves 146 -155
650 _aBonding
_95893
700 _aIslam, A.K.M. Azharul, Supervisor
_95894
942 _2ddc
_cTHE
999 _c80799
_d80799